Arsenal General Knowledge - Statistics

General Stats
  • This quiz has been taken 767 times
    750 since last reset
  • The average score is 7 of 14
Answer Stats
Hint Answer % Correct
Nickname Gunners
99%
Highest Scorcer Thierry Henry
92%
Arsenal London Rivals Tottenham Hotspur
89%
Number of games unbeaten 49
79%
Year of Unbeaten Season 2003-04
77%
Name of Mascot Gunnersaurus
66%
Most expensive Signing Ozil
53%
Most Appearances for Arsenal (all comps) David O'Leary
31%
With How many goals (all comps) 228
28%
What year did they first win the double 1970/71
24%
Player who scored 7 goals in one game Ted Drake
17%
How many did the above player achieve 722
8%
First ever English league match to be broadcasted on the radio was against wo Sheffield United
4%
What is the Emirates Stadium built on Indian Burial Site
1%
No matching quizzes found
Score Distribution
Percent of People with Each Score
Percentile by Number Answered
Your Score History
You have not taken this quiz since the last reset